Hình học 11

Gespeichert in:
Bibliographische Detailangaben
1. Verfasser: Trần, Văn Hạo
Weitere Verfasser: Nguyễn, Mộng Hy
Format: Buch
Sprache:Undetermined
Veröffentlicht: H. Giáo dục 2009
Schlagworte:
Online Zugang:http://lrc.tdmu.edu.vn/opac/search/detail.asp?aID=2&ID=5321
Tags: Tag hinzufügen
Keine Tags, Fügen Sie den ersten Tag hinzu!
Thư viện lưu trữ: Trung tâm Học liệu Trường Đại học Thủ Dầu Một
LEADER 00631nam a2200205Ia 4500
001 TDMU_5321
008 210410s9999 xx 000 0 und d
082 |a 516.071 
090 |b TR121 
100 |a Trần, Văn Hạo 
245 0 |a Hình học 11 
245 0 |c Trần Văn Hạo 
260 |a H. 
260 |b Giáo dục 
260 |c 2009 
300 |a 136tr 
650 |a Sách lớp 11  |v Giáo khoa; Hình học  |x Dạy và học 
700 |a Nguyễn, Mộng Hy 
856 |u http://lrc.tdmu.edu.vn/opac/search/detail.asp?aID=2&ID=5321 
980 |a Trung tâm Học liệu Trường Đại học Thủ Dầu Một